00697nam a22002057a 450000500170000000800410001702200130005808200460007110000290011710000360014610000380018224500840022026000500030430000210035444000270037565000150040265000200041765000260043765000280046320160627195738.0160510b xxu||||| |||| 00| 0 spa d a03793982 aTecnología en Marcha Vol 25, N°2 2012  aMonge Agüero, Mauricio aBiones Peñalver, Antonio Juan aGarcía Pérez de Lema, Domingo aLa creación de spin-off universitarias: caso del Teecnológico de Costa Rica aCosta RicabTecnológico de Costa Ricac2012 apáginas 98-117 aTecnología en Marcha aCOSTA RICA aEMPRENDEDURISMO aSPIN-OFF ACADÉMICAS aEMPRESAS UNIVERSITARIAS